| 000 | 00805nam a22002415a 4500 | ||
|---|---|---|---|
| 003 | OSt | ||
| 005 | 20170507143534.0 | ||
| 008 | 160828s2016 ua frb 000 0 ara d | ||
| 015 | _a2015 / 20513 | ||
| 020 | _a9789770479070 | ||
| 040 |
_aEG-ScBUE _bara _cEG-ScBUE _dEG-ScBUE |
||
| 082 | 0 | 4 |
_222 _a342 _bد ر و |
| 100 | 1 | _aدرويش، إبراهيم. | |
| 245 | 1 | 2 |
_aالدساتير : _bالمبادئ والصناعة / _cإبراهيم درويش. |
| 260 |
_aالقاهرة : _bدار النهضة العربية، _c2016. |
||
| 300 |
_a321 ص. ؛ _c24 سم. |
||
| 504 | _aيشتمل على إرجاعات ببليوجرافية. | ||
| 650 | 7 |
_2BUEsh _aالدساتير. |
|
| 650 | 7 |
_2BUEsh _aالقانون الدستوري. _940921 |
|
| 651 | _2BUEsh | ||
| 653 |
_bLLAAWW _cMay2017 |
||
| 942 | _2ddc | ||
| 999 |
_c24769 _d24741 |
||